Childrens Book Characters - Statistics

General Stats
  • This quiz has been taken 103 times
  • The average score is 5 of 10
Answer Stats
Hint Answer % Correct
Boy who finds out that he is a wizard Harry Potter
99%
Will stay a young boy forever Peter Pan
89%
The frightened little friend of Winnie the Pooh Piglet
79%
An orphan boy who asked for more Oliver Twist
77%
Becomes ruler of the Wild Things in Where the Wild Things Are Max
35%
One of the Famous Five and is the tomboy of the group George Kirrin
33%
Katniss's best friend in The Hunger Games Gale Hawthorne
32%
The main character in the Divergent trilogy Tris Prior
32%
The owner of Wilbur the pig in Charlottes Web Fern
24%
A magical skeleton detective who has a young girl as a sidekick Skulduggery Pleasant
15%
No matching quizzes found
Score Distribution
Percent of People with Each Score
Percentile by Number Answered
Your Score History
You have not taken this quiz